BIBLIOTHÈQUE DE LA MAISON DU MEXIQUE

Logo 1 Logo 2

El hechizo musical (notice nᵒ 3264)

détails MARC
000 -Sello discográfico
campo de control de longitud fija 01137nam a2200289 4500
005 - Identificación de versión
campo de control 20251016083514.0
035 ## - Otros números de control del sistema
Número de control del sistema 13128
099 ## - fechas locales
Tipo de ítem Koha LIBRO
100 ## - Datos de procesamiento general
Datos de procesamiento general 19980507d1946 m y1spay5003 ba
105 ## - Campo de datos codificados: Material textual, monográfico
Datos codificados de monografía y 001zy
200 1# - Título y mención de responsabilidad
Título propio El hechizo musical
Designación general del material texto impreso
Primer mención de responsabilidad Carlos González Peña
210 ## - Publicación, distribución, etc.
Lugar de publicación, distribución, etc. México
Nombre del editor, distribuidor, etc. Editorial Stylo
Fecha de publicación, distribución, etc. 1946
215 ## - Descripción física
Designación de material específico y extensión del ítem 248 p
Dimensiones 19 cm
327 ## - Nota de contenidos
Texto de la nota Mozart o El dolor sonriente. La inspiración alegre. Las que lo amaron. Franz Schubert. Paganini el diabólico. Chopin a través de sus cartas. Rosa sin espinas. Tres amores de Berlioz. Wagner y el rey Luis. Doña Cósima. Un músico mexicano : Melesio Morales ...
345 ## - Nota de información de adquisición
Fuente de adquisición/dirección de la suscripción [OBSOLETO] Donación
410 #1 - Series
Título Colección Stylo de Escritores Mexicanos Antiguos y Modernos
Nombre de parte o sección Crítica, crónica, fantasía
606 ## - Término temático usado como materia
Elemento de entrada Literatura
Subdivisión temática Historia y crítica
Número Koha 2213
660 ## - Código de área geográfica
Código MX
700 ## - Nombre personal - Responsabilidad primaria
Elemento de entrada González Peña
Parte del nombre distinta del elemento de entrada Carlos
Fechas 1885-1955
Número Koha 6889
801 #0 - Fuente de origen
Agencia cm
900 ## -
-- 1/17021
900 ## -
-- 710988625\\070598
942 ## - ELEMENTOS DE ENTRADA SECUNDARIOS (KOHA)
Tipo de ítem Koha Livre
996 ## -
-- MEX
-- 751145101
-- MMAG
-- 011795
-- 860.82 S938 V.4
-- 20241203LIV
Exemplaires
Estatus retirado Estado de daño Estado de pérdida Fecha de adquisición Biblioteca de origen Biblioteca actual Ubicación en estantería Código de barras Precio de reemplazo Signatura topográfica completa No para préstamo Tipo de ítem Koha Nota pública Nota no pública
      05/08/2025 Casa México Paris Casa México Paris   011795 05/08/2025 860.82 S938 V.4   Livre 20241203LIV 751145101